000 06731nam2a22004331 4500
001 RU\NLR\A1\1863
005 20260601072747.0
035 _a(NLR Aleph) 009671998
090 _a9665846
_c9665846
100 _a19971001d1795 m y0rusy50 ca
101 1 _arus
_cchu
102 _aRU
140 _ay a ga yaa0100
200 0 _aЧ.1
210 _d1795
215 _a[6], IV, [2], 156 с., 4 л. ил.
316 _aЭкз. РНБ (18.311.4.10(ч.1)) в одном пер. с ч.2. Пер. сост. картон., обтянутый мраморной бумагой, с кож. корич. корешком и уголками. Корешок гладкий, с блинтовым тиснением, тиснен. загл.: "История о раззоре Иерусали" и с указанием частей: "1 2". На нижней крышке пер. экслибрис рус. фонда РНБ с шифром. На форзаце ярлык с шифром РНБ. Экз. деф.: отсутствуют ил.
_5NLR: 18.311.4.10(ч.1)
316 _aЭкз. РНБ (138/1437(ч.1)) в одном пер. с ч.2. Пер. цельнокожаный коричневый. Корешок гладкий, с блинтовым тиснением, с двумя кож. наклеками: с загл.: "История о раззоре Иерусали" и с указанием частей: "1 2". Кож. покрытие пер. потрескалось, есть царапины и порезы. Верх корешка оторван от кн. блока. На нижней крышке пер. экслибрис рус. фонда ГПБ с шифром. Обрез тонирован. красный. На форзаце ярлык с шифром РНБ. На тит. л. круглый штамп ГПБ: "Дублет". На об. тит. л., с.33 и на об. л. ил. к с.72 круглый штамп ГПБ
_5NLR: 138/1437(ч.1)
316 _aЭкз. РНБ (РЗФ 18 в. 3/1190 (ч.1)) в одном пер. с ч.2. Пер. цельнокожаный коричневый. Корешок гладкий. Кожа пер. потрескалась, частично утрачена. На нижней крышке пер. экслибрис РЗФ ГПБ с шифром. Обрез тонирован. красный. На форзацах почти стертые карандаш. надписи. На тит. л. круглый штамп ГПБ: "Дублет". На об. тит. л., с.33 и на л. ил. круглый штамп ГПБ
_5NLR: РЗФ 18 в. 3/1190 (ч.1)
316 _aЭкз. РНБ (РЗФ 18 в. 3/1190 (ч.1)а) в одном пер. с ч.2. Пер. цельнокожаный коричневый. Корешок гладкий, с блинтовым тиснением, тиснен. загл.: "История Иерусали" и с указанием частей: "1 2". На нижней крышке пер. экслибрис РЗФ ГПБ с шифром. На форзаце неразборч. надписи. На тит. л. круглый штамп ГПБ: "Дублет". Ил. к с.72 раскрашена
_5NLR: РЗФ 18 в. 3/1190 (ч.1)а
317 _aВ экз. РНБ (18.311.4.10(ч.1)) в на форзаце экслибрис Б-ки для чтения А.Ф.Смирдина, с вписанным номером 3066 (Богомолов 14508), поверх него штамп "Н.Киммель Книжный магазин в Риге"
_5NLR: 18.311.4.10(ч.1)
317 _aВ экз. РНБ (РЗФ 18 в. 3/1190 (ч.1)) на форзаце владельч. надпись: "Сия бого духновеная книга принадлежит крестьянину Димитрию Степанову Тверскому Куплена в 1844 году сентября месяца 1го числа заплачено несколько копеек В С.Петербурге"
_5NLR: РЗФ 18 в. 3/1190 (ч.1)
317 _aВ экз. РНБ (РЗФ 18 в. 3/1190 (ч.1)а) на обороте форзаца владельч. надпись: "Сия книга принадлежит Семену Васильевичу Андросову"
_5NLR: РЗФ 18 в. 3/1190 (ч.1)а
461 1 _1001RU\NLR\A1\1862
_12000#$aИстория о последнем раззорении святаго града Иерусалима и о взятии Константинополя столичнаго града Греческой монархии,$eИз разных авкторов собранная на славенском языке;$fА ныне с онаго переложенная для удобнейшаго понятия на чистый российский, с присовокуплением вновь прибавленных описаний и различных примечаний объясняющих сомнительныя места в истории Иваном Михайловым.$vЧ.1
_99665843
_cМосква
_d1795-1796
_fа ныне с онаго переложенная для удобнейшаго понятия на чистый российский, с присовокуплением вновь прибавленных описаний и различных примечаний объясняющих сомнительныя места в истории Иваном Михайловым
_nв типографии А.Решетникова
_oиз разных авкторов собранная на славенском языке;
_tИстория о последнем раззорении святаго града Иерусалима и о взятии Константинополя столичнаго града Греческой монархии,
_vЧ.1
481 0 _1001RU\NLR\A1\1864
_99665850
_d1796
_p[2], 126 с., 1 л. ил.
_tЧ.2
702 1 _4390
_8rus
_7ca
_aСмирдин
_bА. Ф.
_f1795-1857
_gАлександр Филиппович
_3RU\NLR\AUTH\7764528
_947457
702 1 _4160
_7ca
_8rus
_aКиммель
_bН. Л.
_f1816-1905
_gНиколай Люциан
_3RU\NLR\AUTH\770232436
_9232380
702 1 _aТверской
_bД.С.
_gДимитрий Степанович
_5NLR: РЗФ 18 в. 3/1190 (ч.1)
_4390
702 1 _aАндросов
_bС.В.
_gСемен Васильевич
_5NLR: РЗФ 18 в. 3/1190а (ч.1)
_4390
801 0 _aRU
_bNLR
_c19971001
852 _aNLR
_j18.311.4.10(ч.1)
852 _aNLR
_j138/1437(ч.1)
852 _aNLR
_bРЗФ
_j18 в. 3/1190 (ч.1)
852 _aNLR
_bРЗФ
_j18 в. 3/1190 (ч.1)а
899 _aЗНБ СГУ
942 _cBOOK
980 _aNB
980 _aA1XVIIIv